Geri Dönüşüm (Record no. 698)

000 -LEADER
fixed length control field 00483nam a22001697a 4500
008 - FIXED-LENGTH DATA ELEMENTS--GENERAL INFORMATION
fixed length control field 170616b xxu||||| |||| 00| p tur d
020 ## - INTERNATIONAL STANDARD BOOK NUMBER
International Standard Book Number 9789756198841
041 ## - LANGUAGE CODE
Language code of text/sound track or separate title Türkçe
100 ## - MAIN ENTRY--PERSONAL NAME
Personal name Uzunbay, Zeynep
9 (RLIN) 317
245 ## - TITLE STATEMENT
Title Geri Dönüşüm
Statement of responsibility, etc. Zeynep Uzunbay
250 ## - EDITION STATEMENT
Edition statement 1. baskı
260 ## - PUBLICATION, DISTRIBUTION, ETC.
Place of publication, distribution, etc. İstanbul
Name of publisher, distributor, etc. Komşu Yayınları
Date of publication, distribution, etc. Ağustos 2010
300 ## - PHYSICAL DESCRIPTION
Extent 69 sayfa
500 ## - GENERAL NOTE
General note Komşu Yayınları: 56; Şiir: 52

2 adet mevcuttur.
650 #0 - SUBJECT ADDED ENTRY--TOPICAL TERM
9 (RLIN) 145
Topical term or geographic name entry element Türk Edebiyatı
942 ## - ADDED ENTRY ELEMENTS (KOHA)
Source of classification or shelving scheme
Koha item type Books
Holdings
Withdrawn status Lost status Source of classification or shelving scheme Damaged status Not for loan Permanent Location Current Location Shelving location Date acquired Barcode Date last seen Price effective from Koha item type
        Ödünç verilemez İmren Ahmet Tüzün Kütüphanesi İmren Ahmet Tüzün Kütüphanesi Ahmet Tüzün 2017-07-25 100100000688 2017-07-25 2017-07-25 Books

This software was implemented, installed and managed by Devinim Software Training Consulting .